UNIT OPERATIONS OF CHEMICAL ENGINEERING (Record no. 33097)

MARC details
000 -LEADER
fixed length control field 00336nam a22001457a 4500
003 - CONTROL NUMBER IDENTIFIER
control field SGT
020 ## - INTERNATIONAL STANDARD BOOK NUMBER
International Standard Book Number 978-93-5532-108-4
082 ## - DEWEY DECIMAL CLASSIFICATION NUMBER
Classification number 660
Item number MCC
100 ## - MAIN ENTRY--PERSONAL NAME
Personal name MCCABE, WANEN L.
245 ## - TITLE STATEMENT
Title UNIT OPERATIONS OF CHEMICAL ENGINEERING
260 ## - PUBLICATION, DISTRIBUTION, ETC. (IMPRINT)
Place of publication, distribution, etc USA
Name of publisher, distributor, etc MC GRAW HILL
Year of Publication 2022
300 ## - PAGE DESCRIPTION
No. of Pages 1140
650 ## - SUBJECT ADDED ENTRY--TOPICAL TERM
Topical term or geographic name as entry element CHEMICAL ENG.
942 ## - ADDED ENTRY ELEMENTS (KOHA)
Source of classification or shelving scheme Dewey Decimal Classification
Koha item type Books
Holdings
Withdrawn status Lost status Source of classification or shelving scheme Damaged status Not for loan Collection code Home library Current library Shelving location Date acquired Vendor Name Cost, normal purchase price SGTU Bill Number Total Checkouts Full call number Accession No. (Barcode) Date last seen Bill Date Koha item type
    Dewey Decimal Classification   Not For Loan SCIENCE SGT Science & Social Sciences Library SGT Science & Social Sciences Library Reference Book 01/11/2025 ABC 1250.00 SGTU 21721   660 MCC DP1585 01/11/2025 17/09/2025 Books